Annuaire Statistique du Luxembourg 1986/87

Saved in:
Bibliographic Details
Format: Book
Language:French
Published: Luxembourg Service Central de la Statistique et des Etudes Economiques 1987
Edition:1. éd.
Tags: Add Tag
No Tags, Be the first to tag this record!

MARC

LEADER 00000nam a2200000 4500
001 c034689
005 20221219131108.9
041 0 |a fre 
044 |a LU 
245 1 0 |a Annuaire Statistique du Luxembourg 1986/87 
250 |a 1. éd. 
264 1 |a Luxembourg  |b Service Central de la Statistique et des Etudes Economiques  |c 1987 
300 |a 529 s.